| 000 | 00913cam a22002777a 4500 | ||
|---|---|---|---|
| 003 | CHAP | ||
| 005 | 20220329134912.0 | ||
| 008 | 971013s1947 r 00010 d | ||
| 010 | _a27787 | ||
| 011 | _a28759 | ||
| 035 | _a32868 | ||
| 040 | _cCHAP | ||
| 090 | _aFolleto 6446 | ||
| 110 |
_aConsejo Interamericano Económico y Social _927289 |
||
| 245 | 1 | 3 | _aLa utilización de la pulpa seca del café como alimento para el ganado en los países tropicales de América |
| 260 |
_aWashington : _bEl Consejo, _c1947 |
||
| 300 |
_a50 h. _b: gráfs. |
||
| 590 |
_aBATCH-UPD _b10 _c20130110 _lUCH01 _h0312 |
||
| 590 |
_aBATCH-UPD _b10 _c20130409 _lUCH01 _h2344 |
||
| 590 |
_aBATCH-UPD _b10 _c20130914 _lUCH01 _h1947 |
||
| 590 |
_aCONVERSION _b10 _c20130109 _lUCH01 _h1316 |
||
| 650 | 1 | 4 |
_aPulpa de café como forraje. _992999 |
| 901 | _aBK | ||
| 942 | _cFOLL | ||
| 949 |
_aFolleto 6446 _bBC _cFOLL _d-76564 _eTS1 _i32868 _mD _si |
||
| 999 |
_c27787 _d27787 |
||